[Event "CZE-ch Open 2018"]
[Site "Ostrava"]
[Date "2018.05.02"]
[Round "5"]
[White "Konopka, Michal"]
[Black "Svatos, Jan"]
[Result "1/2-1/2"]
[WhiteElo "2373"]
[BlackElo "2272"]
[Annotator "TA"]
[PlyCount "82"]
[EventDate "2018.??.??"]
[EventCountry "CZE"]
[SourceTitle "playchess.com"]
[Source "ChessBase"]
[SourceQuality "1"]

{[%evp 19,82,-24,13,-20,70,70,75,70,86,91,90,85,85,70,83,75,83,83,83,69,83,0,83,76,76,75,75,60,79,72,78,0,91,75,78,86,75,53,58,57,82,46,83,87,95,95,102,38,54,45,43,48,50,0,0,0,3,7,20,0,0,0,0,0,0]} 1. Nf3 d5 2. d4 Nf6 3. c4 e6 4. g3 Be7 5. Bg2 O-O 6. O-O dxc4 7. Ne5 Nc6 8. Nxc6 bxc6 9. Na3 Bxa3 10. bxa3 Nd5 11. Qc2 {E05: Open Catalan: 5 Nf3 Be7} a5 (11... Ba6 $11) 12. Qxc4 $14 Ba6 13. Qc2 {White is better.} a4 14. Rd1 Bb5 15. e4 Nb6 16. Bd2 {[#]} Qd7 $146 ({Predecessor:} 16... Re8 17. Bb4 Qc8 18. Rac1 Qb7 19. h4 {½-½ (47) Ganguly,S (2639)-Rozentalis,E (2592) Queenstown 2012}) 17. Bb4 Rfd8 18. Rac1 Rac8 19. Qc5 Qe8 20. Qc2 Qd7 $1 21. h4 h6 22. Qc5 Qe8 23. f4 Nd7 24. Qc2 Nb6 25. Qc5 Nd7 26. Qe7 Nb6 27. Qxe8+ Rxe8 28. Rc5 Nd7 29. Rc2 Nb6 30. Bc5 Rcd8 31. Bf3 Nc4 32. Kf2 Rd7 33. Be2 (33. h5 $16) 33... Nd6 34. Bxd6 cxd6 35. Bxb5 cxb5 {[%mdl 4096] Endgame KRR-KRR} 36. Rc6 d5 {The position is equal.} 37. e5 Rb8 38. Rb1 h5 39. Ke3 Rdb7 40. Rb4 g6 41. Kd3 Kf8 $1 {Precision: White = 41%, Black = 51%.} 1/2-1/2

[Event "CZE-ch Open 2018"]
[Site "Ostrava"]
[Date "2018.05.02"]
[Round "5"]
[White "Hausner, Ivan"]
[Black "Freisler, Pavel"]
[Result "1/2-1/2"]
[WhiteElo "2334"]
[BlackElo "2266"]
[Annotator "TA"]
[PlyCount "132"]
[EventDate "2018.??.??"]
[EventCountry "CZE"]
[SourceTitle "playchess.com"]
[Source "ChessBase"]
[SourceQuality "1"]

{[%evp 21,132,-6,8,-29,18,18,60,-5,-4,-13,-18,-20,-4,-21,-12,-17,0,0,0,-3,0,-45,-43,-37,-16,-21,-4,-4,0,-9,0,-50,-25,-21,-23,-25,-41,-39,-26,-31,-35,-32,-19,-31,0,0,0,-16,-18,-20,-16,-50,0,-49,-33,-40,-44,-46,-45,-52,-51,-54,-54,-48,-30,-43,-39,-40,-8,-8,-8,-34,-28,-33,0,-16,0,0,0,0,0,0,0,-8,0,-8,-10,-10,-8,-8,-8,-6,-8,-27,0,0,0,-8,0,0,0,0,0,0,0,0,0,0,0,-8,-7,-8,-8]} 1. d4 Nf6 2. c4 e6 3. Nc3 d5 4. Bg5 Be7 5. Nf3 O-O 6. Qc2 dxc4 7. e3 h6 8. Bh4 a6 9. Bxc4 b5 10. Bd3 Bb7 11. Rd1 Nbd7 12. a4 {D58: Queen's Gambit Declined: Tartakower Defence} (12. O-O Rc8 13. Bxf6 Nxf6 14. Ne4 Qd5 15. Nxf6+ Bxf6 16. e4 Qd8 17. Be2 g6 18. b4 Qe7 19. a3 Rfd8 {0-1 (49) Nenezic,M (2578)-Drazic,S (2559) Belgrade 2015}) 12... c6 {[%cal Bc7c6,Bc6c5][%mdl 32]} 13. O-O Qb6 $146 ({Predecessor:} 13... Rc8 14. Qe2 Re8 15. Rc1 Qa5 16. e4 b4 17. Nb1 {1-0 (69) Lang,M (2299)-Schmid,H (2236) Wuerttemberg 2004}) 14. e4 (14. Ne5 $14 Qd8 15. h3 (15. axb5 cxb5 16. Nxd7 Nxd7 $11)) 14... b4 15. e5 bxc3 16. exf6 Nxf6 17. bxc3 c5 18. Rb1 Qc7 19. Bg3 Qc6 20. Qb3 Ra7 21. Qb6 (21. Rfc1 {is more complex.} Rc8 22. a5 Bd8 23. Qa3 Be7 24. Qb2) 21... Qxb6 22. Rxb6 Nd7 23. Rb2 Bc6 24. a5 Rc8 25. Rfb1 Bd5 26. Nd2 Bd8 27. c4 Bc6 28. d5 exd5 29. cxd5 Bxd5 30. Nc4 Bxc4 31. Bxc4 Bxa5 {White should prevent ...Bb4.} 32. Rb7 Rxb7 33. Rxb7 Rd8 34. h3 Bc3 35. Bxa6 Ne5 36. Rc7 Bd4 37. Kh2 Rd7 38. Rc8+ Kh7 39. f4 Ra7 40. Bb5 Nd7 41. Bd3+ g6 42. f5 Kg7 {aiming for ...Ra1.} 43. fxg6 fxg6 44. Rc6 Nf6 45. Bd6 Rd7 {[#] Hoping for ...Rxd6!} 46. g3 Ne8 47. Bb8 Nf6 48. Bd6 h5 49. Kg2 Nd5 {[#] White must now prevent ...Nb4.} 50. Bf4 Ne7 51. Ra6 Bf6 52. Rd6 Rb7 53. Be3 Rc7 54. g4 hxg4 55. hxg4 g5 56. Bc4 Ng6 57. Be6 Nf4+ 58. Bxf4 $1 {The position is equal.} gxf4 $11 {[%mdl 4096] Endgame KRB-KRB} 59. Bc4 Bd4 60. Kf3 Be3 61. g5 Ra7 62. Kg4 f3 63. Kxf3 Bxg5 64. Ke4 Ra4 65. Kd5 Be3 66. Re6 Bd4 {Precision: White = 64%, Black = 57%.} 1/2-1/2

[Event "CZE-ch Open 2018"]
[Site "Ostrava"]
[Date "2018.05.02"]
[Round "5"]
[White "Michenka, Jozef"]
[Black "Havelka, Ondrej"]
[Result "1-0"]
[WhiteElo "2328"]
[BlackElo "2041"]
[Annotator "TA"]
[PlyCount "71"]
[EventDate "2018.??.??"]
[EventCountry "CZE"]
[SourceTitle "playchess.com"]
[Source "ChessBase"]
[SourceQuality "1"]

{[%evp 18,71,38,30,44,38,108,102,113,102,150,114,198,183,216,201,223,194,259,149,138,132,121,65,60,49,56,-13,0,-21,31,0,102,3,153,160,152,78,81,70,127,129,141,121,224,207,276,291,433,429,651,220,597,581,1133,1151]} 1. d4 Nf6 2. c4 e6 3. Nf3 Bb4+ 4. Nbd2 O-O 5. a3 Bxd2+ 6. Qxd2 d6 7. b4 {E11: Bogo-Indian} (7. e3 Qe7 8. Be2 e5 9. O-O e4 10. Ne1 Bg4 11. f3 exf3 12. gxf3 Bh3 13. Rf2 Nbd7 14. e4 h6 {½-½ (23) Ding,L (2781)-Wang,C (2529) Shenzhen 2015}) 7... Nbd7 8. Bb2 Ne4 9. Qc2 f5 10. e3 {LiveBook: 3 Games} b6 $146 ({Predecessor:} 10... Ndf6 11. Be2 Qe8 12. O-O Bd7 13. Ne1 Qg6 14. f3 Ng5 {1-0 (50) Hedman,E (2367)-Rozentalis,E (2540) Fagernes 2017}) 11. d5 exd5 ({Black should play} 11... e5 $14) 12. cxd5 $16 Bb7 13. Bc4 Ndf6 14. O-O b5 (14... Qd7 $16) 15. Bxb5 $18 Nxd5 16. Nd4 Rf7 17. Nc6 Qg5 (17... Qe8 {keeps fighting.} 18. Nxa7 Qe6) 18. Rad1 (18. Na5 $1 $18 {[%cal Ra5b7]} c6 19. Bd3 (19. Nxc6 a6 $14) (19. Bxc6 Bxc6 20. Nxc6 Re8 $16)) 18... Nb6 19. f4 Qg6 20. Na5 (20. Bd4 $16) 20... a6 $14 21. Be2 Bd5 $1 22. Rf3 (22. Rxd5 $14 Nxd5 23. Qc6) 22... Qe6 23. Rh3 Nf6 (23... c5 $11) 24. Bd4 (24. Bxf6 $5 Be4 25. Bd3 Bxd3 26. Qxd3 (26. Rxd3 Rxf6 27. Rd1 Rf7 $11) 26... Rxf6 27. Rc1 $11) 24... Re7 (24... Ne4 $11 {remains equal.}) 25. Rc1 (25. Bxf6 $1 $16 Be4 26. Qb3 Qxb3 27. Nxb3 gxf6 28. Bd3) 25... Ng4 {[#]} (25... c5 $11 26. Bxf6 (26. bxc5 dxc5 27. Bxf6 Qxf6 $14) 26... Qxf6) 26. Nc6 $1 $36 {[%cal Rc6e7][%mdl 2048] White is really pushing.} (26. Bxg4 $6 Be4 $14) 26... Rf7 27. a4 (27. Bxb6 $142 $1 cxb6 28. Nd4 (28. Bxg4 Be4 $16)) 27... Be4 {[#]} 28. Qd1 $1 Nd5 ({Black should try} 28... Qd7 $14 29. Bf3 Qe6) 29. Bc4 {Hoping for Qb3.} Qe8 30. Ba2 a5 (30... h6 $16 31. Qd2 Kh7) 31. b5 $18 ({Stronger than} 31. Nxa5 Nxb4 32. Bxf7+ Qxf7 $11) (31. bxa5 Ra6 $11) 31... Qe6 32. Qd2 h6 (32... Qe8 {was called for.} 33. Bb3 Ndf6 34. Bxf6 (34. Nxa5 Bd5 $16) (34. Bxf7+ Qxf7 35. Bxf6 Nxf6 $18) 34... Nxf6 35. Nxa5 (35. Bxf7+ Qxf7 36. Nd4 h6 $18) 35... Kh8 36. Bxf7 Qxf7) 33. Ba1 Ngf6 (33... Kf8 $142 34. Rg3 h5) 34. Rd1 $2 (34. Bxf6 Qxf6 35. Bxd5) 34... Kh7 $2 (34... Qe8 {is more resistant.} 35. Bb3 (35. Nxa5 Kh8 $18) 35... Kf8) 35. Bxf6 Bxg2 36. Qxg2 {Precision: White = 41%, Black = 26%.} 1-0

[Event "CZE-ch Open 2018"]
[Site "Ostrava"]
[Date "2018.05.02"]
[Round "5"]
[White "Mikes, Jan"]
[Black "Benes, Miroslav"]
[Result "1-0"]
[WhiteElo "2321"]
[BlackElo "2004"]
[Annotator "TA"]
[PlyCount "61"]
[EventDate "2018.??.??"]
[EventCountry "CZE"]
[SourceTitle "playchess.com"]
[Source "ChessBase"]
[SourceQuality "1"]

{[%evp 23,61,0,14,-66,-69,-58,-3,-19,-20,-69,-73,-171,-167,-208,-205,-333,-23,-34,304,298,294,306,302,299,272,184,348,348,348,339,333,341,574,574,574,574,883,854,836,799]} 1. e4 e5 2. Nf3 Nc6 3. Bb5 Nf6 4. O-O Nxe4 5. d4 Nd6 6. Bxc6 dxc6 7. dxe5 Nf5 8. Qxd8+ Kxd8 9. Nc3 Ke8 10. h3 Be7 11. g4 Nh4 12. Nxh4 Bxh4 {LiveBook: 40 Games} 13. f4 $146 {C67: Ruy Lopez: Berlin Defence: 4 0-0 Nxe4} (13. Kg2 $11) ({Predecessor:} 13. Kg2 h5 14. f3 Be7 15. Rd1 Be6 16. Be3 a6 17. Ne2 Rd8 18. Nf4 g6 19. Rxd8+ Kxd8 20. Rd1+ Ke8 21. Nxe6 fxe6 {½-½ (69) Leko,P (2751)-Wang,Y (2739) Nice 2009}) 13... h5 $15 14. f5 hxg4 (14... g6 $15) 15. hxg4 $11 {The position is equal.} g6 16. fxg6 fxg6 17. Kg2 (17. Rf4 $17) 17... Bxg4 $19 18. Rh1 {[#] aiming for Bg5!} Kd7 19. Ne4 (19. Rxh4 $142 Rxh4 20. Kg3) 19... Bf5 $2 (19... Raf8 $19 {Hoping for ...Bf3+.} 20. Rxh4 Rxh4) 20. Nc5+ $11 Ke7 $2 {[%mdl 8192] [#]} (20... Ke8 $15 21. Bg5 b6) 21. Rxh4 $1 $18 {[%mdl 512]} Rxh4 22. Bg5+ Kf7 23. Bxh4 g5 24. Bf2 (24. Bxg5 Rg8 $16) 24... Bxc2 $2 (24... b6) 25. e6+ (25. Nxb7 Rb8 $18) 25... Ke7 {If only Black now had time for ...b6....} 26. Rc1 ({Much less strong is} 26. Nxb7 Rb8 $18) 26... Bf5 27. Rd1 ({Resist} 27. Nxb7 Rb8 $18) 27... b6 $2 (27... Kf6 {keeps fighting.} 28. Rd7 Kg6 29. Rxc7 b6) 28. Rd7+ $1 {White is clearly winning.} Ke8 29. Rg7 Rd8 30. Na6 Be4+ 31. Kh2 {Precision: White = 38%, Black = 14%.} 1-0

[Event "CZE-ch Open 2018"]
[Site "Ostrava"]
[Date "2018.05.02"]
[Round "5"]
[White "Nedela, Vlastimil"]
[Black "Gnida, Patrik"]
[Result "1-0"]
[WhiteElo "2307"]
[BlackElo "2165"]
[Annotator "TA"]
[PlyCount "73"]
[EventDate "2018.??.??"]
[EventCountry "CZE"]
[SourceTitle "playchess.com"]
[Source "ChessBase"]
[SourceQuality "1"]

{[%evp 9,73,21,25,-2,-4,-1,7,-3,-2,-29,24,-8,-8,-23,-7,-9,8,-21,70,67,65,73,148,133,184,177,219,199,183,175,314,329,320,300,356,305,313,313,322,288,311,300,943,943,931,927,893,901,887,877,1295,1297,1254,1281,1185,1147,1381,1035,6116,5590,7017,3294,29972,29973,6295,3157]} 1. e4 e6 2. d3 d5 3. Qe2 Nc6 4. Nf3 dxe4 (4... Nf6 5. Bf4 dxe4 6. dxe4 Nd4 7. Qc4 Nxf3+ 8. gxf3 c6 9. Qc3 Nh5 10. Be3 Qf6 11. e5 Qh4 {0-1 (34) Huschenbeth,N (2585)-Meier,G (2644) Dresden 2017}) 5. dxe4 e5 {LiveBook: 139 Games} 6. Be3 {C00: French: Unusual White 2nd moves} Nf6 7. Nbd2 Bd6 8. c3 $146 {The position is equal.} ({Predecessor:} 8. O-O-O Be6 9. c4 Qe7 10. Kb1 O-O-O 11. Rc1 Bc5 12. Bxc5 Qxc5 13. Nb3 Qe7 14. g3 Rd7 15. h3 h5 16. Qe3 Rdd8 17. Be2 g6 18. Ka1 Rhe8 {½-½ (18) Priansh,D (1482)-Tenuunbold,B (1231) Pocos de Caldas 2017}) 8... Qe7 9. h3 b6 ({Black should play} 9... O-O) 10. g3 Bb7 11. Bg2 h6 12. Nh4 g6 13. O-O Nh5 (13... a5 $11) 14. b4 $14 {[%cal Bb2b4,Bb4b5][%mdl 32]} O-O-O 15. Nc4 Qe6 ({Better is} 15... Nf4 16. Nxd6+ (16. gxf4 Qxh4 17. Nxd6+ cxd6 $16) 16... Rxd6 17. gxf4 Qxh4) 16. a4 $16 Be7 (16... Kb8 $16) 17. Nf3 $18 f5 18. exf5 gxf5 19. b5 Nb8 (19... Na5 {might work better.} 20. Nxa5 (20. Nfxe5 Bxg2 21. Kxg2 Nxc4 $16) (20. Ncxe5 f4 $16) 20... bxa5) 20. Nfxe5 Bxg2 21. Kxg2 f4 22. Qxh5 fxe3 23. Nxe3 Rhf8 24. Rad1 Rxd1 25. Rxd1 Qa2 $2 (25... Bc5 26. Rd3 a5) 26. Qg4+ Kb7 27. Qe4+ Kc8 28. Nf5 {[%cal Rf5e7] [#]} Bc5 29. Nd3 Qc2 30. Rc1 Qd2 {[#]} 31. Nxc5 $3 {[%mdl 512]} bxc5 32. Rc2 Qg5 33. g4 h5 34. f4 Qf6 35. Ne7+ Kd8 36. Rd2+ Nd7 37. Ng6 {Precision: White = 72%, Black = 29%.} 1-0

[Event "CZE-ch Open 2018"]
[Site "Ostrava"]
[Date "2018.05.02"]
[Round "5"]
[White "Tuma, Jiri"]
[Black "Vokac, Marek"]
[Result "1/2-1/2"]
[WhiteElo "2296"]
[BlackElo "2390"]
[Annotator "ChessBase"]
[PlyCount "205"]
[EventDate "2018.??.??"]
[EventCountry "CZE"]
[SourceTitle "playchess.com"]
[Source "ChessBase"]
[SourceQuality "1"]
[TimeControl "40/5400+30:900+30"]

1. e4 {[%emt 0:00:00]} g6 {[%emt 0:00:42]} 2. d4 {[%emt 0:00:06]} Bg7 {[%emt 0:00:12]} 3. Nc3 {[%emt 0:00:55]} d6 {[%emt 0:00:03]} 4. f4 {[%emt 0:00:49]} a6 {[%emt 0:01:58]} 5. Nf3 {[%emt 0:01:03]} Bg4 {[%emt 0:04:40]} 6. Bc4 {[%emt 0:09:10]} e6 {[%emt 0:08:03]} 7. Be3 {[%emt 0:08:07]} Nc6 {[%emt 0:06:03]} 8. O-O {[%emt 0:12:51]} b5 {[%emt 0:19:14]} 9. Bb3 {[%emt 0:19:44]} Na5 {[%emt 0:03:35]} 10. h3 {[%emt 0:06:10]} Nxb3 {[%emt 0:02:32]} 11. axb3 {[%emt 0:00:46]} Bxf3 {[%emt 0:00:09]} 12. Qxf3 {[%emt 0:00:53]} Ne7 {[%emt 0:05:19]} 13. f5 {[%emt 0:01:15]} gxf5 {[%emt 0:00:08]} 14. exf5 {[%emt 0:01:45]} exf5 {[%emt 0:02:17]} 15. Nxb5 {[%emt 0:10:50]} O-O {[%emt 0:08:11]} 16. Nc3 {[%emt 0:00:57]} Qd7 {[%emt 0:00:13]} 17. Kh1 {[%emt 0:02:15]} Rae8 {[%emt 0:03:44]} 18. Bg1 {[%emt 0:06:41]} Nc6 {[%emt 0:07:46]} 19. Ne2 {[%emt 0:00:32]} f4 {[%emt 0:04:51]} 20. c3 {[%emt 0:01:03]} Qf5 {[%emt 0:03:19]} 21. Nxf4 {[%emt 0:01:50]} Ne7 {[%emt 0:02:18]} 22. b4 {[%emt 0:04:02]} Ng6 {[%emt 0:02:36]} 23. Bh2 {[%emt 0:04:23]} Qc2 {[%emt 0:02:20]} 24. Rf2 {[%emt 0:01:14]} Qe4 {[%emt 0:02:44]} 25. Qxe4 {[%emt 0:01:18]} Rxe4 {[%emt 0:00:02]} 26. Nh5 {[%emt 0:01:51]} Rfe8 {[%emt 0:01:35]} 27. Bg3 {[%emt 0:00:49]} Re1+ {[%emt 0:03:05]} 28. Rxe1 {[%emt 0:00:10]} Rxe1+ {[%emt 0:00:05]} 29. Kh2 {[%emt 0:00:05]} Re3 {[%emt 0:00:44]} 30. Bf4 {[%emt 0:00:55]} Re1 {[%emt 0:03:10]} 31. Bd2 {[%emt 0:00:05]} Rb1 {[%emt 0:00:27]} 32. Bg5 {[%emt 0:00:13]} f5 {[%emt 0:02:26]} 33. Nxg7 {[%emt 0:02:37]} Kxg7 {[%emt 0:00:02]} 34. Rxf5 {[%emt 0:00:41]} Rxb2 {[%emt 0:00:07]} 35. d5 {[%emt 0:00:48]} Ne5 {[%emt 0:01:35]} 36. Bd8 {[%emt 0:00:25]} Rd2 {[%emt 0:00:52]} 37. Bxc7 {[%emt 0:00:14]} Kg6 {[%emt 0:00:31]} 38. Rf8 {[%emt 0:00:46]} Rxd5 {[%emt 0:00:03]} 39. Rd8 {[%emt 0:00:19]} Nc4 {[%emt 0:00:12]} 40. Ra8 {[%emt 0:00:22]} Kf5 {[%emt 0:16:41]} 41. Rxa6 {[%emt 0:00:00]} Ke4 {[%emt 0:00:00]} 42. b5 {[%emt 0:00:00]} Rxb5 {[%emt 0:00:00]} 43. Bxd6 {[%emt 0:00:00]} Rb2 {[%emt 0:00:00]} 44. Bc5 {[%emt 0:00:00]} Nd2 {[%emt 0:00:00]} 45. Rf6 {[%emt 0:00:00]} Rb1 {[%emt 0:00:00]} 46. h4 {[%emt 0:02:00]} h5 {[%emt 0:00:00]} 47. Bd4 {[%emt 0:03:15]} Rd1 {[%emt 0:00:00]} 48. Kg3 {[%emt 0:08:22]} Nf1+ {[%emt 0:03:44]} 49. Kf2 {[%emt 0:00:01]} Nh2 {[%emt 0:00:12]} 50. Re6+ {[%emt 0:00:32]} Kf4 {[%emt 0:01:19]} 51. g3+ {[%emt 0:02:12]} Kg4 {[%emt 0:00:20]} 52. Rg6+ {[%emt 0:00:47]} Kh3 {[%emt 0:00:05]} 53. Rg5 {[%emt 0:00:25]} Rd2+ {[%emt 0:00:46]} 54. Ke3 {[%emt 0:01:04]} Nf1+ {[%emt 0:00:35]} 55. Kf4 {[%emt 0:00:50]} Rd3 {[%emt 0:00:17]} 56. Rxh5 {[%emt 0:00:48]} Nxg3 {[%emt 0:00:06]} 57. Rh8 {[%emt 0:00:43]} Ne2+ {[%emt 0:01:12]} 58. Ke4 {[%emt 0:02:27]} Rg3 {[%emt 0:00:02]} 59. Rc8 {[%emt 0:00:49]} Rg4+ {[%emt 0:00:36]} 60. Kd5 {[%emt 0:00:39]} Kxh4 {[%emt 0:00:56]} 61. Be5 {[%emt 0:00:41]} Nxc3+ {[%emt 0:00:36]} 62. Rxc3 {[%emt 0:00:19]} Kg5 {[%emt 0:00:11]} 63. Rf3 {[%emt 0:00:13]} Ra4 {[%emt 0:00:45]} 64. Ke6 {[%emt 0:00:14]} Rg4 {[%emt 0:00:10]} 65. Rf8 {[%emt 0:00:16]} Kg6 {[%emt 0:00:11]} 66. Rh8 {[%emt 0:01:20]} Kg5 {[%emt 0:00:09]} 67. Rg8+ {[%emt 0:00:49]} Kh5 {[%emt 0:00:02]} 68. Rh8+ {[%emt 0:00:29]} Kg6 {[%emt 0:00:02]} 69. Ra8 {[%emt 0:00:39]} Kg5 {[%emt 0:00:18]} 70. Ra7 {[%emt 0:00:21]} Kg6 {[%emt 0:00:06]} 71. Rf7 {[%emt 0:00:32]} Kg5 {[%emt 0:00:35]} 72. Rh7 {[%emt 0:00:22]} Kg6 {[%emt 0:00:04]} 73. Rh8 {[%emt 0:00:17]} Kg5 {[%emt 0:00:08]} 74. Bf6+ {[%emt 0:00:29]} Kg6 {[%emt 0:00:05]} 75. Ke5 {[%emt 0:00:52]} Ra4 {[%emt 0:01:36]} 76. Rg8+ {[%emt 0:00:08]} Kf7 {[%emt 0:01:36]} 77. Rg7+ {[%emt 0:00:03]} Kf8 {[%emt 0:00:13]} 78. Rb7 {[%emt 0:00:17]} Ra5+ {[%emt 0:01:58]} 79. Ke6 {[%emt 0:00:11]} Ra6+ {[%emt 0:00:10]} 80. Kf5 {[%emt 0:00:08]} Rc6 {[%emt 0:01:08]} 81. Kg6 {[%emt 0:00:27]} Ke8 {[%emt 0:00:01]} 82. Ra7 {[%emt 0:01:06]} Rd6 {[%emt 0:00:12]} 83. Kf5 {[%emt 0:01:14]} Rd7 {[%emt 0:00:14]} 84. Ra8+ {[%emt 0:00:21]} Kf7 {[%emt 0:00:02]} 85. Rh8 {[%emt 0:00:20]} Rd5+ {[%emt 0:00:13]} 86. Be5 {[%emt 0:00:05]} Rd7 {[%emt 0:00:12]} 87. Rh6 {[%emt 0:00:37]} Ke8 {[%emt 0:00:26]} 88. Bd6 {[%emt 0:00:40]} Rf7+ {[%emt 0:01:08]} 89. Ke6 {[%emt 0:00:25]} Re7+ {[%emt 0:00:02]} 90. Kd5 {[%emt 0:00:16]} Rg7 {[%emt 0:00:30]} 91. Be5 {[%emt 0:00:38]} Rd7+ {[%emt 0:00:30]} 92. Bd6 {[%emt 0:00:57]} Rg7 {[%emt 0:00:02]} 93. Rf6 {[%emt 0:00:15]} Kd7 {[%emt 0:00:29]} 94. Rf8 {[%emt 0:00:32]} Rh7 {[%emt 0:01:18]} 95. Rg8 {[%emt 0:00:27]} Rf7 {[%emt 0:00:15]} 96. Ra8 {[%emt 0:00:11]} Rf5+ {[%emt 0:00:26]} 97. Be5 {[%emt 0:00:06]} Rf7 {[%emt 0:00:03]} 98. Ra6 {[%emt 0:01:19]} Ke8 {[%emt 0:01:21]} 99. Ke6 {[%emt 0:00:51]} Re7+ {[%emt 0:00:12]} 100. Kf6 {[%emt 0:00:10]} Rf7+ {[%emt 0:00:22]} 101. Kg6 {[%emt 0:00:14]} Rb7 {[%emt 0:00:11]} 102. Kf5 {[%emt 0:01:01]} Kd7 {[%emt 0:00:36]} 103. Ke4 {[%emt 0:00:42]} 1/2-1/2

[Event "CZE-ch Open 2018"]
[Site "Ostrava"]
[Date "2018.05.02"]
[Round "5"]
[White "Jurek, Josef"]
[Black "Rubes, Jan"]
[Result "1-0"]
[WhiteElo "2264"]
[BlackElo "2337"]
[Annotator "TA"]
[PlyCount "67"]
[EventDate "2018.??.??"]
[EventCountry "CZE"]
[SourceTitle "playchess.com"]
[Source "ChessBase"]
[SourceQuality "1"]

{[%evp 12,67,28,-1,2,2,7,1,5,0,0,2,7,7,40,42,45,50,47,48,40,40,51,43,26,36,44,36,32,38,50,56,58,34,23,29,43,25,87,78,100,94,326,413,406,401,379,377,381,310,525,516,891,661,646,622,1510,1411]} 1. Nf3 c5 2. c4 g6 3. Nc3 Bg7 4. g3 Nc6 5. Bg2 e5 6. d3 d6 7. Nd2 {[%cal Bf3d2,Bd2f1,Bf1e3,Be3d5][%mdl 32] LiveBook: 57 Games} f5 {A37: Symmetrical English vs ...g6: 4 Bg2 Bg7 5 Nf3} (7... Nge7 8. Nf1 Be6 9. Ne3 O-O 10. Ned5 Qd7 11. h4 h5 12. a3 Bg4 13. Ne3 Be6 14. Rb1 Rac8 15. b4 cxb4 16. axb4 {0-1 (33) Gajewski,G (2630)-Wagner,D (2564) Germany 2018}) 8. Nf1 Nf6 9. Ne3 O-O $146 {The position is equal.} ({Predecessor:} 9... Ne7 10. Ned5 Nexd5 11. Nxd5 O-O 12. Bg5 Be6 13. Qd2 Rb8 14. a4 Qd7 15. Bxf6 Bxf6 {0-1 (40) Maia,L (2290)-Blit,J (2301) Sao Paulo 2012}) 10. Ned5 h6 11. O-O Rb8 12. Rb1 Be6 13. a3 Ne7 14. Nxf6+ Rxf6 15. b4 cxb4 16. axb4 d5 17. cxd5 Nxd5 18. Nxd5 Bxd5 19. e4 Bf7 20. Qe2 Rd6 21. Be3 Rxd3 22. Bxa7 Ra8 {[#]} 23. Bb6 $1 {[%mdl 512]} Qd7 (23... Qxb6 24. Qxd3) 24. Rfd1 $36 {[%mdl 2048] White has good play.} Bc4 (24... Rxd1+ $11 25. Rxd1 Qa4) 25. Qc2 Qb5 {[#] And now ...Ra2 would win.} 26. Rdc1 $1 Ba2 $2 (26... Be6 $16 {was called for.}) 27. Ra1 $18 Rda3 28. Ba5 Qa4 {intending ...Qxc2.} 29. Qb2 b6 30. Bxb6 {aiming for exf5.} Rb3 $2 (30... Bf7 31. Ba5 Rxa1 32. Rxa1 Qe8) 31. Qd2 {White is clearly winning.} Rxb4 {[#]} (31... f4 $142 32. Ba5 Ra3 33. Rxa2 Rxa2 34. Qd5+ Kh7 35. Qxa8 Qxb4 36. Bxb4 Rxa8) 32. Rxa2 $1 {[%mdl 512]} Qxa2 33. Qxb4 Rb8 34. Qd6 {Precision: White = 84%, Black = 35%.} 1-0